| 000 | 00501nam a2200133Ia 4500 | ||
|---|---|---|---|
| 008 | 231221s9999 xx 000 0 und d | ||
| 020 | _a978-1-84628-899-9 | ||
| 041 | _aEnglish | ||
| 100 | _aRicardo S. Sánchez Peña, Vicenç Puig Cayuela, Joseba Quevedo Casín | ||
| 245 | 0 | _aIdentification and Control | |
| 260 |
_c2007 _bSpringer London _aNew York |
||
| 650 | _aIndustrial Chemistry/Chemical Engineering; Industrial and Production Engineering; Vibration, Dynamical Systems, Control | ||
| 942 | _cEB | ||
| 999 |
_c227279 _d227279 |
||